000 00700nam a2200217Ia 4500
005 20241129111015.0
008 241129s9999||||xx |||||||||||||| ||und||
020 _a978-81-939083-3-4
037 _aTB
040 _aCRL
_bpun
_cCRL
041 _apun
_2pun
084 _aO153,6x, R0
_qCRL
100 _aਦੀਪਕ ਕੁਮਾਰ, ਚ।
245 0 _aਸਫ਼ਰਨਾਮਾ ਏ ਜ਼ਿੰਦਗੀ
_cਦੀਪਕ ਕੁਮਾਰ, ਚ।
260 _aਲੁਧਿਆਨਾ, ਭਾਰਤ
_bਸੁਮਿਤ ਪ੍ਰਕਾਸ਼ਨ
_c2020
300 _a135ਪ੍ਰ0
365 _aINR
_b250
650 _aPunjabi Prose
942 _cTB
_hO153,6x, R0
999 _c1228503
_d1228503